FIFA World Cup Winners - Statistics

General Stats
  • This quiz has been taken 42 times
  • The average score is 20 of 21
Answer Stats
Year Score Runners-up Venue Host Country Location Attendance Answer % Correct
2002 2-0 Germany International Stadium South KoreaJapan Yokohama, Japan 69,029 Brazil
98%
1994 0-0 Italy Rose Bown United States Pasadena, United States 94,194 Brazil
98%
1970 4-1 Italy Estadio Azteca Mexico Mexico City, Mexico 107,412 Brazil
98%
1962 3-1 Czechoslovakia Estadio Nacional Chile Santiago, Chile 69,000 Brazil
98%
1958 5-2 Sweden Rasunda Stadium Sweden Solna, Sweden 51,800 Brazil
98%
1966 4-2 West Germany Wembley Stadium England London, England 96,924 England
98%
2018 4-2 Croatia Luzhniki Stadium Russia Moscow, Russia 78,011 France
98%
1998 3-0 Brazil Stade de France France Saint-Denis, France 75,000 France
98%
2014 1-0 Argentina Maracana Stadium Brazil Rio de Janeiro, Brazil 74,738 Germany
98%
2006 1-1 France Olympiastadion Germany Berlin, Germany 69,000 Italy
98%
1982 3-1 West Germany Santiago Bernabeu Spain Madrid, Spain 90,000 Italy
98%
1938 4-2 Hungary Stade Olympique de Colombes France Paris, France 45,000 Italy
98%
1934 2-1 Czechoslovakia Stadio Nazionale PNF Italy Rome, Italy 55,000 Italy
98%
2010 1-0 Netherlands Soccer City South Africa Johannesburg, South Africa 84,490 Spain
98%
1950 2-1 Brazil Maracana Stadium Brazil Rio de Janeiro, Brazil 173,850 Uruguay
98%
1930 4-2 Argentina Estadio Centenario Uruguay Montevideo, Uruguay 68,346 Uruguay
98%
1986 3-2 West Germany Estdio Azteca Mexico Mexico City, Mexico 114,600 Argentina
93%
1978 3-1 Netherlands Estadio Monumental Argentina Buenos Aires, Argentina 71,483 Argentina
93%
1990 1-0 Argentina Stadio Olimpico Italy Rome, Italy 73,603 West Germany
80%
1974 2-1 Netherlands Olumpiastadion West Germany Munich, West Germany 75,200 West Germany
80%
1954 3-2 Hungary Wankdorf Stadium Switzerland Bern, Switzerland 62,500 West Germany
80%
No matching quizzes found
Score Distribution
Percent of People with Each Score
Percentile by Number Answered
Your Score History
You have not taken this quiz